• 首页
  • 本馆介绍
  • 公告通知
  • 最新文献
  • 馆藏检索
  • 电子资源
  • 读者导购
  • 参考咨询
  • 我的图书馆
  • 登录
  • 详细信息显示
  • 放入我的书架
  • 预约/预借图书
  • 作者相关作品
  • 分类相关作品
  • 丛书相关作品
  • 出版社相关作品

书目信息

  • 表格格式
  • 工作单格式
  • 卡片格式
题名:
社区工作
    
 
作者: 房列曙 , 陈恩虎 , 柴文杰 主编
分册:  
出版信息: 合肥   合肥工业大学出版社  2005
页数: 267页
开本: 23cm
丛书名: 社会工作丛书
单 册:
中图分类: C912.8
科图分类:
主题词: 社区--工作--基本知识 , 社区
电子资源:
ISBN: 7-81093-261-6
000 01050oam2 2200289 450
001 012007366290
005 20070525155542.70
010    @a7-81093-261-6@dCNY23.80
100    @a20070517d2005 km y0chiy0120 ea
101 0  @achi
102    @aCN@b340000
105    @ay z 000yy
106    @ar
200 1  @a社区工作@Ashe qu gong zuo@f房列曙,陈恩虎,柴文杰主编@Ffang lie shu,chen en hu,chai wen jie zhu bian
210    @a合肥@c合肥工业大学出版社@d2005
215    @a267页@d23cm
225 2  @a社会工作丛书
330    @a本书主要介绍社区工作的相关概念、历史发展、理论界定、社区工作的基本手法、英美等西方国家的社区工作模式、中国的社区服务、社区工作的一般过程与方法、社区工作技巧、新时期对社区工作者的能力及素质要求等。
461  0 @12001 @a社会工作丛书
606 0  @a社区@x工作@x基本知识
606 0  @a社区
690    @aC912.8@v4
701  0 @a房列曙@Afang lie shu@f(1951~)@4主编
701  0 @a陈恩虎@Achen en hu@f(1962~)@4主编
701  0 @a柴文杰@Achai wen jie@c(女,@f1975~)@4主编
801  0 @aCN@bRULIN@c20070525
905    @dC912.8@e535@s8
    
    社区工作/房列曙,陈恩虎,柴文杰主编.-合肥:合肥工业大学出版社,2005
    267页;23cm.-(社会工作丛书)
    
    
    ISBN 7-81093-261-6:CNY23.80
    本书主要介绍社区工作的相关概念、历史发展、理论界定、社区工作的基本手法、英美等西方国家的社区工作模式、中国的社区服务、社区工作的一般过程与方法、社区工作技巧、新时期对社区工作者的能力及素质要求等。
●
相关链接 在E读中查询图书 在五车中查询图书 在当当中查询图书 在豆瓣中查询图书


正题名:社区工作     索取号:C912.8/535         预约/预借

序号 登录号 条形码 馆藏地/架位号 状态 备注
1 0581067   205810675   第一样本阅览室/ [索取号:C912.8/535] 在馆    
2 0581068   205810684   第一借阅区/ [索取号:C912.8/535] 在馆    
3 0581069   205810693   第一借阅区/ [索取号:C912.8/535] 在馆    
4 0581070   205810700   密集书库/ [索取号:C912.8/535] 在馆    
5 0581071   205810719   教育系资料室/ [索取号:C912.8/535] 在馆    
6 0581072   205810728   密集书库/ [索取号:C912.8/535] 在馆    
7 0581073   205810737   密集书库/ [索取号:C912.8/535] 在馆    
8 0581074   205810746   教育系资料室/ [索取号:C912.8/535] 在馆    
唐山师范学院图书馆 欢迎您!
大连网信软件有限公司© 版权所有